1507 1320 1277 1997 1647 1419 1254 1154 1198 1179 1432 1361 1650 1490 1771 1272 1271 1650 1298 1466 1382 1203 1589 1040 1869 1950 1077 1486 1955 1478 1109 1001 1343 1930 1298 1586 1280 1317 1146 1656 1577 1316 1916 1382 1777 1595 1611 1266 1249 1596 1591 1227 1971 1739 1903 1132 2000 1132 1249 1786 1375 1913 1979 1941 1374 1774 1718 1835 1545 1805 1969 1926 1385 1884 1573 1661 1050 1935 1751 1256 1410 1089 1030 1816 1499 1022 1558 1435 1007 1577 1989 1529 1810 1068 1338 1686 1354 1876 1701 BCNSPRNW ULIB Ver.6.0+V

เปลี่ยนเป็นภาษาไทย

Change to English
 แสดงรายละเอียดบรรณานุกรม
  กลับหน้าหลัก

Brief Record : Get Marc (ISO 2709) : E-mail record : QR code < ปิดหน้าต่าง
LEADER : 00000nam 2200000uu 4500
001    13399109061
003     ULIB
008    110321s2549||||th 000 0 tha d
020    9749437586
020    9789749437582
041    tha^heng
050  4 HD69^bอ581ก 2549
100 1  อัสติน, โรเบิร์ต ดี.
245 10 การบริหารโครงการ =^bManaging projects large and small /^cRobert D. Austin ; คมสัน ขจรชีพพันธุ์งาม, แปลและเรียบเรียง
246 31 Managing projects large and small
250    พิมพ์ครั้งที่ 1
260    กรุงเทพฯ :^bเอ็กซเปอร์เน็ท,^c2549
300    254 หน้า :^bภาพประกอบ ;^c24 ซม.
440  0 Harvard business essentials series
440  4 หนังสือชุด "หัวใจในการบริหารธุรกิจ"ของมหาวิทยาลัยฮาร์วาร์ด
650  7 การบริหารโครงการ
700 0  คมสัน ขจรชีพพันธุ์งาม,^eผู้แปล
700 1  Austin, Robert D.
945    ^p270^l0^i022118
945    ^p270^l0^i022117
995    เกษร
999 ^a ใช้งานได้ทุกระบบ
รายการนี้ยังไม่มีแท็ก
คุณยังไม่ได้ล็อกอิน คุณสามารถมีกิจกรรมร่วมกับเว็บไซต์ได้ แต่ต้องล็อกอินก่อน ::
  ล็อกอิน

รายการสื่อสารสนเทศ

ลำดับที่ ประเภท เลขเรียก/บาร์โค้ด สถานที่ สถานะ
1. การศึกษาทั่วไป
การศึกษาทั่วไป
HD69 อ581ก 2549 ฉ.2 
  Barcode: 022118
ห้องสมุดวิทยาเขตนครสวรรค์
►หนังสือทั่วไป:l:General Books
บนชั้น

รายการใกล้เคียง
    ผู้แต่ง [อัสติน, โรเบิร์ต ดี.]

    หัวเรื่อง [การบริหารโครงการ]

BibComment


ยังไม่เคยถูกคอมเมนท์

คอมเมนท์ทรัพยากรรายการนี้
  คอมเมนท์: การบริหารโครงการ ..


 Copyright 2026. Bcnsprnw @Library